<?xml version="1.0" encoding="UTF-8"?>
<record
    xmlns:xsi="http://www.w3.org/2001/XMLSchema-instance"
    xsi:schemaLocation="http://www.loc.gov/MARC21/slim http://www.loc.gov/standards/marcxml/schema/MARC21slim.xsd"
    xmlns="http://www.loc.gov/MARC21/slim">

  <leader>01220nam a22002417a 4500</leader>
  <controlfield tag="005">20260417062920.0</controlfield>
  <controlfield tag="008">161019b2000    ag ||||| |||| 00| 0 spa d</controlfield>
  <datafield tag="020" ind1=" " ind2=" ">
    <subfield code="a">987978457X</subfield>
  </datafield>
  <datafield tag="040" ind1=" " ind2=" ">
    <subfield code="a">AR-MoUNM</subfield>
  </datafield>
  <datafield tag="082" ind1="0" ind2=" ">
    <subfield code="a">306.098 2</subfield>
    <subfield code="b">NU 964</subfield>
  </datafield>
  <datafield tag="245" ind1="0" ind2="0">
    <subfield code="a">Nuevas perspectivas del patrimonio hist&#xF3;rico cultural /</subfield>
    <subfield code="c">Gobierno de la Ciudad de Buenos Aires, Secretar&#xED;a de Cultura, Comisi&#xF3;n para la Preservaci&#xF3;n del Patrimonio Hist&#xF3;rico Cultural de la Ciudad de Buenos Aires </subfield>
  </datafield>
  <datafield tag="260" ind1=" " ind2=" ">
    <subfield code="a">Buenos Aires : </subfield>
    <subfield code="b">Gobierno de la Ciudad de Buenos Aires, Secretar&#xED;a de Cultura, Comisi&#xF3;n para la Preservaci&#xF3;n del Patrimonio Hist&#xF3;rico Cultural de la Ciudad de Buenos Aires,</subfield>
    <subfield code="c">c2000.</subfield>
  </datafield>
  <datafield tag="300" ind1=" " ind2=" ">
    <subfield code="a">161 p. : </subfield>
    <subfield code="b">il. ; </subfield>
    <subfield code="c">23 cm.</subfield>
  </datafield>
  <datafield tag="490" ind1="0" ind2=" ">
    <subfield code="a">(Temas de patrimonio ; </subfield>
    <subfield code="v">1)</subfield>
  </datafield>
  <datafield tag="650" ind1=" " ind2="7">
    <subfield code="2">unescot</subfield>
    <subfield code="9">9066</subfield>
    <subfield code="a">PATRIMONIO CULTURAL</subfield>
  </datafield>
  <datafield tag="650" ind1=" " ind2="7">
    <subfield code="2">unescot</subfield>
    <subfield code="9">9065</subfield>
    <subfield code="a">CONSERVACION DE LOS BIENES CULTURALES</subfield>
  </datafield>
  <datafield tag="650" ind1=" " ind2="7">
    <subfield code="2">unescot</subfield>
    <subfield code="9">977</subfield>
    <subfield code="a">HISTORIA CULTURAL</subfield>
  </datafield>
  <datafield tag="650" ind1=" " ind2="7">
    <subfield code="2">unescot</subfield>
    <subfield code="9">5506</subfield>
    <subfield code="a">MUSEO</subfield>
  </datafield>
  <datafield tag="650" ind1=" " ind2="7">
    <subfield code="2">unescot</subfield>
    <subfield code="a">ESPACIO URBANO</subfield>
    <subfield code="9">8970</subfield>
  </datafield>
  <datafield tag="651" ind1=" " ind2="7">
    <subfield code="a">BUENOS AIRES (ARGENTINA : PROVINCIA)</subfield>
    <subfield code="2">Library of Congress</subfield>
    <subfield code="9">7450</subfield>
  </datafield>
  <datafield tag="710" ind1="2" ind2=" ">
    <subfield code="9">10330</subfield>
    <subfield code="a">Comisi&#xF3;n para la Preservaci&#xF3;n del Patrimonio Hist&#xF3;rico Cultural de la Ciudad de Buenos Aires.</subfield>
  </datafield>
  <datafield tag="942" ind1=" " ind2=" ">
    <subfield code="c">PRECATALOG</subfield>
  </datafield>
  <datafield tag="999" ind1=" " ind2=" ">
    <subfield code="c">6423</subfield>
    <subfield code="d">6424</subfield>
  </datafield>
  <datafield tag="952" ind1=" " ind2=" ">
    <subfield code="0">0</subfield>
    <subfield code="1">0</subfield>
    <subfield code="4">0</subfield>
    <subfield code="7">0</subfield>
    <subfield code="a">UNM</subfield>
    <subfield code="b">UNM</subfield>
    <subfield code="d">2016-10-19</subfield>
    <subfield code="e">Donaci&#xF3;n Rosa Aboy</subfield>
    <subfield code="i">6901</subfield>
    <subfield code="l">1</subfield>
    <subfield code="o">306.098 2 NU 964</subfield>
    <subfield code="p">6901</subfield>
    <subfield code="r">2019-08-23 00:00:00</subfield>
    <subfield code="s">2019-08-20</subfield>
    <subfield code="t">Ej. C</subfield>
    <subfield code="w">2016-10-19</subfield>
    <subfield code="y">LIBRO</subfield>
  </datafield>
</record>
